Curso de auditoría (Registro nro. 2092)
[ vista simple ]
| 000 -LEADER | |
|---|---|
| fixed length control field | 00953 a2200205 4500 |
| 001 - CONTROL NUMBER | |
| control field | 30300 |
| 005 - DATE AND TIME OF LATEST TRANSACTION | |
| control field | 20260407155615.0 |
| 008 - FIXED-LENGTH DATA ELEMENTS--GENERAL INFORMATION | |
| fixed length control field | 260407a1958 arg spa d |
| 003 - CONTROL NUMBER IDENTIFIER | |
| control field | AR-UNSa-BCEJYS |
| 040 ## - CATALOGING SOURCE | |
| Original cataloging agency | AR-UNSa-BCEJYS |
| Language of cataloging | spa |
| Transcribing agency | AR-UNSa-BCEJYS |
| 080 ## - UNIVERSAL DECIMAL CLASSIFICATION NUMBER | |
| Universal Decimal Classification number | 657.633 |
| Common auxiliary subdivision | Detalles técnicos de la auditoría. Comprobaciones internas<br/> |
| 100 1# - MAIN ENTRY--PERSONAL NAME | |
| Personal name | Lópes de Sa, Antonio |
| 245 10 - TITLE STATEMENT | |
| Title | Curso de auditoría |
| 264 #1 - PRODUCTION, PUBLICATION, DISTRIBUTION, MANUFACTURE, AND COPYRIGHT NOTICE | |
| Place of production, publication, distribution, manufacture | Buenos Aires : |
| Name of producer, publisher, distributor, manufacturer | Selección Contable |
| Date of production, publication, distribution, manufacture, or copyright notice | 1958 |
| 300 ## - PHYSICAL DESCRIPTION | |
| Extent | 2v(239; 238p.) |
| Dimensions | 23 cm. |
| 505 ## - FORMATTED CONTENTS NOTE | |
| Formatted contents note | 1. Fundamentos de la auditoría - 2. Organización de los servicios profesionales de auditoría contable - 3. El período de introducción a los servicios de auditoría - 4. Plan de auditoría - 5. Papeles de trabajo en una auditoría - 6. La técnica general del examen de los registros y documentos - 7. Examen de los libros y fichas contables |
| 590 ## - LOCAL NOTE (RLIN) | |
| Local note | niveau_biblio:m niveau_hierar:0 |
| 700 1# - ADDED ENTRY--PERSONAL NAME | |
| Personal name | Herrada, Manuel |
| 942 ## - ADDED ENTRY ELEMENTS (KOHA) | |
| Koha item type | |
| Withdrawn status | Lost status | Damaged status | Not for loan | Home library | Current library | Shelving location | Date acquired | Total checkouts | Full call number | Barcode | Date last seen | Price effective from | Koha item type |
|---|---|---|---|---|---|---|---|---|---|---|---|---|---|
| Biblioteca Prof. Eusebio Cleto del Rey | Biblioteca Prof. Eusebio Cleto del Rey | 07/04/2026 | 657.633 L865 v.1 | L20801 | 07/04/2026 | 07/04/2026 | Libro | ||||||
| Biblioteca Prof. Eusebio Cleto del Rey | Biblioteca Prof. Eusebio Cleto del Rey | 07/04/2026 | 657.633 L865 v.1 | L22101 | 07/04/2026 | 07/04/2026 | Libro | ||||||
| Biblioteca Prof. Eusebio Cleto del Rey | Biblioteca Prof. Eusebio Cleto del Rey | 07/04/2026 | 657.633 L865 v.1 | L20885 | 07/04/2026 | 07/04/2026 | Libro | ||||||
| Biblioteca Prof. Eusebio Cleto del Rey | Biblioteca Prof. Eusebio Cleto del Rey | 07/04/2026 | 657.633 L865 v.1 | L20887 | 07/04/2026 | 07/04/2026 | Libro | ||||||
| Biblioteca Prof. Eusebio Cleto del Rey | Biblioteca Prof. Eusebio Cleto del Rey | 07/04/2026 | 657.633 L865 v.2 | L20802 | 07/04/2026 | 07/04/2026 | Libro | ||||||
| Biblioteca Prof. Eusebio Cleto del Rey | Biblioteca Prof. Eusebio Cleto del Rey | 07/04/2026 | 657.633 L865 v.2 | L20886 | 07/04/2026 | 07/04/2026 | Libro | ||||||
| Biblioteca Prof. Eusebio Cleto del Rey | Biblioteca Prof. Eusebio Cleto del Rey | 07/04/2026 | 657.633 L865 v.2 | L20888 | 07/04/2026 | 07/04/2026 | Libro | ||||||
| Biblioteca Prof. Eusebio Cleto del Rey | Biblioteca Prof. Eusebio Cleto del Rey | 07/04/2026 | 657.633 L865 v.2 | L22102 | 07/04/2026 | 07/04/2026 | Libro |